Estilo, texto, escritura

Guardat en:
Dades bibliogràfiques
Autor principal: Foxley R., Carmen (Autor)
Format: Llibre
Idioma:espanyol
Publicat: Santiago Universitaria 1981
Col·lecció:Fasciculos para la comprensión de la ciencia, las humanidades y la tecnología, 40
Matèries:
Etiquetes: Afegir etiqueta
Sense etiquetes, Sigues el primer a etiquetar aquest registre!

MARC

LEADER 00000nam a2200000 a 4500
001 UCX2112
003 CL-VaPUC
008 910321e19810000CL |||||||||||||||||spa|d
082 0 4 |a 801  |b FOX  |2 21 
100 0 |a Foxley R., Carmen  |e author  |9 317925 
245 1 0 |a Estilo, texto, escritura 
300 |a 90 p 
942 |c BK 
945 |d 19910321 00:00:00 
260 |a Santiago  |b Universitaria  |c 1981 
650 0 |a Crítica literaria   |9 269189 
650 0 |a Estilo literario  |9 316417 
583 |a last modification  |c 19910321 00:00:00  |k Rodrigo Vera 
490 0 |a Fasciculos para la comprensión de la ciencia, las humanidades y la tecnología, 40 
999 |c 223198  |d 223196 
952 |0 0  |1 0  |4 0  |6 801_000000000000000_FOX_1981  |7 0  |8 A  |9 218763  |a BIBEDU  |b BIBEDU  |d 2019-11-15  |i 287573K  |o 801 FOX 1981  |p 287573K  |r 2019-11-15  |w 2019-11-15  |y BK  |k LIT